Children of King George V of UK - Statistics

General Stats
  • This quiz has been taken 101 times
  • The average score is 5 of 6
Answer Stats
Hint Answer % Correct
Oldest Son Edward
99%
Fourth Son George
97%
Only Daughter Mary
90%
Second Son Albert
84%
Fifth Son John
78%
Third Son Henry
71%
No matching quizzes found
Score Distribution
Percent of People with Each Score
Percentile by Number Answered
Your Score History
You have not taken this quiz